|
|
|
|
| LEADER |
00000nab a2200000 a 4500 |
| 001 |
vtls000827122 |
| 003 |
SK-MaSNL |
| 005 |
20260302162309.0 |
| 008 |
160321c2003 xo 0 slo |
| 015 |
|
|
|a SNBRB2003/03-06378
|
| 035 |
|
|
|a CLN000178777
|
| 040 |
|
|
|a SNKBUCL
|b slo
|c SNKBUCL
|e AACR2
|
| 041 |
0 |
|
|a slo
|
| 044 |
|
|
|a xo
|c SK
|
| 080 |
|
|
|a 796.032.071
|2 UDC-MRF-SK2
|
| 080 |
|
|
|a 929 Rogge, Jacques
|2 UDC-MRF-SK2
|
| 100 |
1 |
|
|a Fukatsch, Peter
|4 ain
|9 609535
|
| 245 |
1 |
0 |
|a Priority: boj proti dopingu, korupcii a násilnostiam
|c Peter Fukatsch, Jacques Rogge
|
| 300 |
|
|
|b Fotogr.
|
| 600 |
1 |
7 |
|a Rogge, Jacques,
|d 1942-2021
|2 snkbucl
|9 838741
|
| 655 |
|
7 |
|a články z novín a časopisov
|2 snkbucl
|9 267496
|
| 700 |
1 |
|
|a Rogge, Jacques
|d 1942-2021
|4 aut
|4 uin
|9 838741
|
| 773 |
0 |
|
|x 1335-440X
|t Sme
|g Roč. 11, č. 21 (27.1.2003), s. 25
|
| 850 |
|
|
|a Slovenská národná knižnica v Martine
|
| 852 |
|
|
|a SNK
|b KIS3GCP
|
| 958 |
|
|
|a BE
|
| 958 |
|
|
|a BC
|
| 958 |
|
|
|a RBX
|
| 999 |
|
|
|c 1379749
|d 1381679
|